[Event "Veliko Gradiste Silver Lake op-A"]
[Site "Veliko Gradiste"]
[Date "2023.06.22"]
[Round "6"]
[White "Govedarica, Radovan"]
[Black "Vignesh, B."]
[Result "0-1"]
[WhiteElo "2267"]
[BlackElo "2195"]
[PlyCount "92"]
[EventDate "2023.06.18"]
[EventType "swiss"]
[EventRounds "9"]
[EventCountry "SRB"]
[SourceTitle "CBM 215 Extra"]
[Source "ChessBase"]
[SourceDate "2023.09.30"]
[SourceVersion "1"]
[SourceVersionDate "2023.09.30"]
[SourceQuality "1"]

1. e4 g6 2. d4 Bg7 3. Nf3 d6 4. Bc4 a6 5. a4 c5 6. d5 Bg4 7. Be2 Nd7 8. a5 Ngf6 9. Nc3 Bxf3 10. Bxf3 0-0 11. 0-0 Ne8 12. Nb1 Nc7 13. Be2 Re8 14. Nd2 b5 15. axb6 Nxb6 16. Nc4 Nxc4 17. Bxc4 Qd7 18. c3 Reb8 19. Ra5 Nb5 20. Qc2 Qb7 21. Bd2 Nc7 22. Ra2 Bf6 23. Rfa1 Kg7 24. Qd3 Qc8 25. Bc1 Rb6 26. h3 Qb7 27. g3 Qc8 28. Kg2 Qb7 29. h4 h5 30. Qc2 Qc8 31. f4 Kg8 32. e5 Bg7 33. Qe4 Qb7 34. e6 Nxe6 35. f5 Nf8 36. fxg6 fxg6 37. Qf3 Nd7 38. Qe2 Ne5 39. Kg1 Rf8 40. Bd3 Rf3 41. Be4 Rxg3+ 42. Bg2 Rg4 43. Rxa6 Rxa6 44. Qxa6 Qxa6 45. Rxa6 Bf6 46. b3 Nd3 0-1

[Event "Belgrade Gligoric 100 Ann op"]
[Site "Belgrade"]
[Date "2023.02.05"]
[Round "8"]
[White "Bojkovic, Slobodan"]
[Black "Govedarica, Radovan"]
[Result "0-1"]
[WhiteElo "2110"]
[BlackElo "2267"]
[PlyCount "52"]
[EventDate "2023.02.05"]
[EventType "swiss (blitz)"]
[EventRounds "11"]
[EventCountry "SRB"]
[SourceTitle "EXT 2024"]
[Source "ChessBase"]
[SourceDate "2023.10.10"]
[SourceVersion "1"]
[SourceVersionDate "2023.10.10"]
[SourceQuality "1"]

1. e4 e5 2. Nf3 Nc6 3. Bb5 Nf6 4. 0-0 Nxe4 5. Re1 Nd6 6. Nxe5 Nxe5 7. Rxe5+ Be7 8. Bd3 0-0 9. Nc3 Bf6 10. Re3 g6 11. Nd5 Bg7 12. Ne7+ Kh8 13. c3 b6 14. Qg4 Bb7 15. Qh4 Re8 16. Bc2 Nc8 17. Bxg6 fxg6 18. Nxg6+ Kg8 19. Qc4+ d5 20. Qg4 Rxe3 21. dxe3 hxg6 22. Qxg6 Qd7 23. e4 Ne7 24. Qg3 dxe4 25. Bf4 Rf8 26. h4 Nf5 0-1

[Event "Belgrade Gligoric 100 Ann op"]
[Site "Belgrade"]
[Date "2023.02.05"]
[Round "1"]
[White "Govedarica, Radovan"]
[Black "Djukic, Nikola"]
[Result "1-0"]
[WhiteElo "2267"]
[BlackElo "2514"]
[PlyCount "91"]
[EventDate "2023.02.05"]
[EventType "swiss (blitz)"]
[EventRounds "11"]
[EventCountry "SRB"]
[SourceTitle "EXT 2024"]
[Source "ChessBase"]
[SourceDate "2023.10.10"]
[SourceVersion "1"]
[SourceVersionDate "2023.10.10"]
[SourceQuality "1"]

1. e4 c5 2. Nf3 Nc6 3. Bb5 g6 4. 0-0 Bg7 5. Bxc6 dxc6 6. h3 Nf6 7. Re1 Nd7 8. e5 Nf8 9. d3 Ne6 10. Nc3 Nd4 11. Bf4 0-0 12. Nxd4 cxd4 13. Ne2 Qd5 14. Ng3 h6 15. h4 c5 16. b3 b6 17. a4 Bb7 18. f3 a6 19. Qe2 b5 20. axb5 axb5 21. Rxa8 Rxa8 22. e6 f5 23. Be5 Qxe6 24. Bxg7 Qxe2 25. Rxe2 f4 26. Nf1 Kxg7 27. Rxe7+ Kf6 28. Rxb7 Ra2 29. Rxb5 Rxc2 30. h5 gxh5 31. Rb6+ Kg5 32. b4 c4 33. dxc4 Rxc4 34. b5 d3 35. Rd6 Rc3 36. Nd2 Kf5 37. b6 Ke5 38. Rxh6 Kd4 39. Re6 Rc2 40. Re4+ Kc3 41. Nb1+ Kb2 42. b7 Kxb1 43. b8Q+ Kc1 44. Qxf4+ d2 45. Rd4 Kd1 46. Kf2 1-0

[Event "Belgrade-chT Quality"]
[Site "Belgrade"]
[Date "2022.10.07"]
[Round "6.5"]
[White "Govedarica, Radovan"]
[Black "Stojanovic, Zoran H"]
[Result "0-1"]
[WhiteElo "2279"]
[BlackElo "2046"]
[PlyCount "50"]
[EventDate "2022.10.01"]
[EventType "team-tourn"]
[EventRounds "11"]
[EventCountry "SRB"]
[SourceTitle "CBM 210 Extra"]
[Source "ChessBase"]
[SourceDate "2022.11.30"]
[SourceVersion "1"]
[SourceVersionDate "2022.11.30"]
[SourceQuality "1"]
[WhiteTeam "Belgrade Crvena Zvezda"]
[BlackTeam "Belgrade Partizan"]
[WhiteTeamCountry "SRB"]
[BlackTeamCountry "SRB"]

1. e4 d5 2. exd5 Nf6 3. d4 Bg4 4. Nf3 Qxd5 5. Be2 Nc6 6. h3 Qh5 7. Rg1 Bxf3 8. Bxf3 Qf5 9. c3 h5 10. Qb3 0-0-0 11. Qxf7 Nxd4 12. cxd4 e6 13. Nd2 Bb4 14. Be2 Rd7 15. g4 Qe4 16. Kf1 Bxd2 17. f3 Qc2 18. Qxe6 Bxc1 19. Qb3 Qxb3 20. axb3 Bxb2 21. Rxa7 Kb8 22. Ra2 Bxd4 23. Rh1 Nd5 24. Bd3 c5 25. Re2 Ne3+ 0-1

[Event "Veliko Gradiste Silver Lake op-A"]
[Site "Veliko Gradiste"]
[Date "2022.06.26"]
[Round "9"]
[White "Govedarica, Radovan"]
[Black "Ojas, Kulkarni"]
[Result "1/2-1/2"]
[WhiteElo "2291"]
[BlackElo "2226"]
[PlyCount "34"]
[EventDate "2022.06.19"]
[EventType "swiss"]
[EventRounds "9"]
[EventCountry "SRB"]
[SourceTitle "CBM 209 Extra"]
[Source "ChessBase"]
[SourceDate "2022.09.30"]
[SourceVersion "1"]
[SourceVersionDate "2022.09.30"]
[SourceQuality "1"]

1. e4 e5 2. Nf3 Nc6 3. Bb5 a6 4. Bxc6 dxc6 5. 0-0 Bg4 6. h3 Bh5 7. d3 f6 8. Be3 c5 9. Nbd2 Bd6 10. g3 Ne7 11. Kg2 Nc6 12. Qb1 Qd7 13. Ng1 g5 14. g4 Bxg4 15. hxg4 Qxg4+ 16. Kh2 Qh4+ 17. Kg2 Qg4+ 1/2-1/2

[Event "Veliko Gradiste Silver Lake op-A"]
[Site "Veliko Gradiste"]
[Date "2022.06.25"]
[Round "8"]
[White "Efremov, Vladislav"]
[Black "Govedarica, Radovan"]
[Result "1/2-1/2"]
[WhiteElo "2125"]
[BlackElo "2291"]
[PlyCount "88"]
[EventDate "2022.06.19"]
[EventType "swiss"]
[EventRounds "9"]
[EventCountry "SRB"]
[SourceTitle "CBM 209 Extra"]
[Source "ChessBase"]
[SourceDate "2022.09.30"]
[SourceVersion "1"]
[SourceVersionDate "2022.09.30"]
[SourceQuality "1"]

1. d4 Nf6 2. c4 e6 3. Nf3 d5 4. Nc3 c6 5. Bg5 Nbd7 6. e3 Qa5 7. Nd2 Bb4 8. Qc2 dxc4 9. Bxf6 Nxf6 10. Nxc4 Qd5 11. 0-0-0 Bxc3 12. Qxc3 0-0 13. f3 c5 14. e4 cxd4 15. Qxd4 Qxd4 16. Rxd4 Bd7 17. Kb1 Rfd8 18. Be2 Bb5 19. Rhd1 Rxd4 20. Rxd4 e5 21. Rd2 Bxc4 22. Bxc4 Kf8 23. b4 Rc8 24. Bb3 Ke7 25. Kb2 Rc7 26. a4 Ne8 27. Bd5 Nd6 28. Rd1 g6 29. Re1 b6 30. Kb3 a5 31. bxa5 bxa5 32. g3 Nb7 33. Bxb7 Rxb7+ 34. Ka3 Rd7 35. Rb1 f5 36. Rb5 Rd3+ 37. Rb3 Rd2 38. Rb2 Rxb2 39. Kxb2 fxe4 40. fxe4 Kd6 41. Kc2 Kc6 42. Kd3 Kc5 43. Kc3 h5 44. h4 Kb6 1/2-1/2

[Event "Veliko Gradiste Silver Lake op-A"]
[Site "Veliko Gradiste"]
[Date "2022.06.24"]
[Round "7"]
[White "Govedarica, Radovan"]
[Black "Mamedov, Edgar"]
[Result "1/2-1/2"]
[WhiteElo "2291"]
[BlackElo "2114"]
[PlyCount "133"]
[EventDate "2022.06.19"]
[EventType "swiss"]
[EventRounds "9"]
[EventCountry "SRB"]
[SourceTitle "CBM 209 Extra"]
[Source "ChessBase"]
[SourceDate "2022.09.30"]
[SourceVersion "1"]
[SourceVersionDate "2022.09.30"]
[SourceQuality "1"]

1. e4 e6 2. d4 d5 3. Nc3 dxe4 4. Nxe4 Nd7 5. g3 Ngf6 6. Bg5 h6 7. Bxf6 Nxf6 8. Nxf6+ Qxf6 9. Bg2 c5 10. Qd3 Qxd4 11. Qxd4 cxd4 12. 0-0-0 g5 13. Rxd4 Bg7 14. Rd2 Bd7 15. Ne2 Ke7 16. Rhd1 Rhd8 17. Nd4 Rab8 18. h3 h5 19. Rd3 g4 20. h4 f5 21. Nb3 b6 22. c3 Rbc8 23. Bb7 Rc7 24. Bg2 f4 25. Be4 Rf8 26. Bg6 Bb5 27. Bxh5 Bxd3 28. Rxd3 fxg3 29. fxg3 Rf3 30. Rxf3 gxf3 31. Bxf3 Bxc3 32. Kd1 Bxb2 33. g4 Rc3 34. Ke2 Rc2+ 35. Ke3 Rh2 36. h5 Kf6 37. a4 a5 38. Kd3 Be5 39. Nd2 Bf4 40. Ne4+ Kg7 41. g5 b5 42. axb5 a4 43. Nc5 a3 44. Nxe6+ Kh8 45. Bd5 Rd2+ 46. Ke4 Rxd5 47. Kxd5 a2 48. Nxf4 a1Q 49. Ne6 Qh1+ 50. Kd6 Qxh5 51. b6 Qf7 52. Nc5 Qf8+ 53. Kc6 Qf3+ 54. Kc7 Qd5 55. Nd7 Qc4+ 56. Kd6 Qc8 57. Nc5 Qd8+ 58. Kc6 Qxg5 59. b7 Qf6+ 60. Kc7 Qe5+ 61. Kc6 Kg7 62. Nd7 Qe4+ 63. Kc7 Qc4+ 64. Kd8 Qh4+ 65. Kc8 Qh8+ 66. Kc7 Qh2+ 67. Kc8 1/2-1/2

[Event "Veliko Gradiste Silver Lake op-A"]
[Site "Veliko Gradiste"]
[Date "2022.06.23"]
[Round "6"]
[White "Doraszelski, Alexander"]
[Black "Govedarica, Radovan"]
[Result "0-1"]
[WhiteElo "1898"]
[BlackElo "2291"]
[PlyCount "88"]
[EventDate "2022.06.19"]
[EventType "swiss"]
[EventRounds "9"]
[EventCountry "SRB"]
[SourceTitle "CBM 209 Extra"]
[Source "ChessBase"]
[SourceDate "2022.09.30"]
[SourceVersion "1"]
[SourceVersionDate "2022.09.30"]
[SourceQuality "1"]

1. e4 c5 2. Nc3 Nc6 3. Bb5 Nd4 4. Nf3 Nxb5 5. Nxb5 a6 6. Nc3 e6 7. d4 cxd4 8. Qxd4 d6 9. Bg5 Nf6 10. 0-0-0 Be7 11. e5 dxe5 12. Qxe5 Bd7 13. Kb1 Rc8 14. Rhe1 Qc7 15. Bxf6 gxf6 16. Qd4 Bc6 17. Qg4 Kf8 18. Qh5 h6 19. Nd4 Bd7 20. Nf5 Bb4 21. Nxh6 Be8 22. Re3 Qf4 23. Re4 Qxh6 24. Qxh6+ Rxh6 25. Rxb4 Bc6 26. h4 Bxg2 27. Ne2 f5 28. Rg1 Be4 29. Ng3 Bc6 30. h5 Ke7 31. Rh4 Kf6 32. f4 Bf3 33. Kc1 Rch8 34. Kd2 Bxh5 35. Rxh5 Rxh5 36. Nxh5+ Rxh5 37. Rg8 Rh2+ 38. Kd3 Rf2 39. Rb8 b5 40. a4 bxa4 41. Rb4 a3 42. bxa3 Rf3+ 43. Kd2 Rxa3 44. c4 a5 0-1

[Event "Belgrade Premier League"]
[Site "Belgrade"]
[Date "2021.10.03"]
[Round "3.4"]
[White "Govedarica, Radovan"]
[Black "Srdic, Danilo"]
[Result "1-0"]
[WhiteElo "2285"]
[BlackElo "2138"]
[PlyCount "41"]
[EventDate "2021.10.01"]
[EventType "team-tourn"]
[EventRounds "11"]
[EventCountry "SRB"]
[SourceTitle "CBM 204 Extra"]
[Source "ChessBase"]
[SourceDate "2021.11.30"]
[SourceVersion "1"]
[SourceVersionDate "2021.11.30"]
[SourceQuality "1"]
[WhiteTeam "Belgrade Crvena Zvezda"]
[BlackTeam "Mirijevo"]
[WhiteTeamCountry "SRB"]
[BlackTeamCountry "SRB"]

1. d4 Nf6 2. Nc3 d5 3. Bg5 Nbd7 4. Nf3 h6 5. Bf4 a6 6. Qd3 e6 7. e4 dxe4 8. Nxe4 Nxe4 9. Qxe4 Nf6 10. Qd3 b6 11. Be2 Bb7 12. 0-0 Bd6 13. Ne5 0-0 14. Rad1 Qe7 15. c4 Nd7 16. Qg3 Kh8 17. Qh3 Be4 18. Bd3 Bxd3 19. Rxd3 Kh7 20. Rfd1 Rab8 21. Rf3 1-0

[Event "Belgrade Spring IM1"]
[Site "Belgrade"]
[Date "2021.04.22"]
[Round "9"]
[White "Blagojevic, Tijana"]
[Black "Govedarica, Radovan"]
[Result "1-0"]
[WhiteElo "2193"]
[BlackElo "2300"]
[PlyCount "58"]
[EventDate "2021.04.16"]
[EventType "tourn"]
[EventRounds "9"]
[EventCountry "SRB"]
[SourceTitle "CBM 202 Extra"]
[Source "ChessBase"]
[SourceDate "2021.07.31"]
[SourceVersion "1"]
[SourceVersionDate "2021.07.31"]
[SourceQuality "1"]

1. e4 c5 2. Nf3 Nc6 3. Bb5 Qc7 4. Nc3 e6 5. Bxc6 Qxc6 6. d4 cxd4 7. Nxd4 Qc7 8. 0-0 a6 9. Re1 d6 10. Bf4 Nf6 11. Nf5 e5 12. Bg5 Bxf5 13. exf5 Be7 14. Bxf6 Bxf6 15. Nd5 Qd8 16. Qd3 0-0 17. c3 Rc8 18. Rad1 Re8 19. Qe4 b5 20. b3 Bg5 21. Rd3 Rc5 22. Red1 g6 23. Rf3 Qa8 24. h4 Bxh4 25. f6 Bg5 26. Qg4 h6 27. Ne7+ Rxe7 28. fxe7 Bxe7 29. Qd7 Qf8 1-0

[Event "Belgrade Spring IM1"]
[Site "Belgrade"]
[Date "2021.04.18"]
[Round "4"]
[White "Govedarica, Radovan"]
[Black "Milanovic, Slavisa"]
[Result "1/2-1/2"]
[WhiteElo "2300"]
[BlackElo "2301"]
[PlyCount "20"]
[EventDate "2021.04.16"]
[EventType "tourn"]
[EventRounds "9"]
[EventCountry "SRB"]
[SourceTitle "CBM 202 Extra"]
[Source "ChessBase"]
[SourceDate "2021.07.31"]
[SourceVersion "1"]
[SourceVersionDate "2021.07.31"]
[SourceQuality "1"]

1. e4 e5 2. Nf3 Nc6 3. Bb5 a6 4. Ba4 Nf6 5. 0-0 Bc5 6. d3 d6 7. Bxc6+ bxc6 8. h3 0-0 9. c3 Be6 10. Nbd2 h6 1/2-1/2

[Event "SRB-chT Premier"]
[Site "Ruma"]
[Date "2020.09.28"]
[Round "5.2"]
[White "Govedarica, Radovan"]
[Black "Vuckovic, Bojan"]
[Result "0-1"]
[WhiteElo "2314"]
[BlackElo "2578"]
[PlyCount "64"]
[EventDate "2020.09.25"]
[EventType "team-tourn"]
[EventRounds "11"]
[EventCountry "SRB"]
[SourceTitle "CBM 198 Extra"]
[Source "ChessBase"]
[SourceDate "2020.11.30"]
[SourceVersion "1"]
[SourceVersionDate "2020.11.30"]
[SourceQuality "1"]
[WhiteTeam "Belgrade Crvena Zvezda"]
[BlackTeam "Goracici Jelica"]
[WhiteTeamCountry "SRB"]
[BlackTeamCountry "SRB"]

1. e4 c5 2. Nf3 Nc6 3. d4 cxd4 4. Nxd4 Nf6 5. Nc3 d6 6. Bg5 e6 7. Qd2 a6 8. 0-0-0 Bd7 9. f3 b5 10. Nxc6 Bxc6 11. Ne2 Be7 12. Bxf6 Bxf6 13. Kb1 Qb6 14. Nd4 Bb7 15. Nb3 Rd8 16. Bd3 0-0 17. a3 d5 18. Qe2 Qc7 19. g3 a5 20. f4 dxe4 21. Bxe4 a4 22. Bxb7 axb3 23. Be4 bxc2+ 24. Qxc2 Qa7 25. Rxd8 Rxd8 26. Rd1 Rxd1+ 27. Qxd1 Qe3 28. Bc2 g6 29. Ka2 Qf2 30. Kb3 Qxh2 31. Qd3 Qg1 32. a4 Qa1 0-1

[Event "Belgrade Radnicki"]
[Site "Belgrade"]
[Date "2019.12.09"]
[Round "7"]
[White "Ivanovic, Marko"]
[Black "Govedarica, Radovan"]
[Result "1-0"]
[WhiteElo "2221"]
[BlackElo "2330"]
[PlyCount "95"]
[EventDate "2019.12.03"]
[EventType "tourn"]
[EventRounds "9"]
[EventCountry "SRB"]
[SourceTitle "CBM 193 Extra"]
[Source "ChessBase"]
[SourceDate "2020.01.31"]
[SourceVersion "1"]
[SourceVersionDate "2020.01.31"]
[SourceQuality "1"]

1. d4 Nf6 2. Bg5 d5 3. e3 c6 4. Bd3 Qb6 5. Nd2 Qxb2 6. Rb1 Qxa2 7. Nb3 Qa3 8. Bf4 e6 9. Ne2 Qe7 10. 0-0 b6 11. c4 Qd8 12. c5 Nh5 13. Be5 Nd7 14. f4 f5 15. g4 fxg4 16. cxb6 Nxb6 17. Qc2 Nf6 18. Na5 Bd7 19. Nb7 Qc8 20. Ba6 Ke7 21. Qa2 Ne8 22. Nd6 Qd8 23. Nb7 Qc8 24. Ng3 Nc7 25. f5 exf5 26. Nxf5+ Bxf5 27. Rxf5 Qxf5 28. Bxc7 Kd7 29. Be5 Be7 30. Na5 Bg5 31. Re1 Rac8 32. Nb3 Qf3 33. Nc5+ Ke8 34. Bg3 Rc7 35. Bf1 Re7 36. Bg2 Bxe3+ 37. Kh1 Qf5 38. Bd6 Qf6 39. Bxe7 Qxe7 40. Qb3 Kf7 41. Rxe3 Qf6 42. Re1 Qxd4 43. Rf1+ Ke7 44. Qa3 Ke8 45. Re1+ Kf7 46. Qxa7+ Kg6 47. Qxb6 Rf8 48. Qb1+ 1-0

[Event "Belgrade-chT"]
[Site "Belgrade"]
[Date "2019.09.29"]
[Round "7.4"]
[White "Andrijevic, Milan"]
[Black "Govedarica, Radovan"]
[Result "0-1"]
[WhiteElo "2255"]
[BlackElo "2334"]
[PlyCount "108"]
[EventDate "2019.09.23"]
[EventType "team-tourn"]
[EventRounds "11"]
[EventCountry "SRB"]
[SourceTitle "EXT 2020"]
[Source "ChessBase"]
[SourceDate "2019.10.17"]
[SourceVersion "1"]
[SourceVersionDate "2019.10.17"]
[SourceQuality "1"]
[WhiteTeam "Grocka"]
[BlackTeam "Crvena Zvezda"]
[WhiteTeamCountry "SRB"]
[BlackTeamCountry "SRB"]

1. e4 g6 2. d4 Bg7 3. Nf3 d6 4. Be2 c6 5. 0-0 Bg4 6. h3 Bxf3 7. Bxf3 Nd7 8. Nc3 Ngf6 9. Re1 e5 10. dxe5 dxe5 11. Qd6 Bf8 12. Qd1 h5 13. a4 a5 14. Be2 Nc5 15. Qxd8+ Rxd8 16. Bc4 Bh6 17. Bxh6 Rxh6 18. Rad1 Rxd1 19. Rxd1 Ke7 20. f3 h4 21. b3 Rh8 22. Nb1 Ne8 23. Na3 Nd6 24. Bf1 Nd7 25. Nc4 Nxc4 26. Bxc4 Nb6 27. Bf1 Nc8 28. Kf2 Nd6 29. Ke3 Rg8 30. Kd2 Rd8 31. Bd3 f5 32. Re1 fxe4 33. fxe4 Rf8 34. Ke3 g5 35. Rg1 Rf4 36. Rb1 g4 37. hxg4 Rxg4 38. Kf3 Rg3+ 39. Kf2 Kf6 40. Rf1 Kg5 41. Rh1 b6 42. Rh2 Ne8 43. Be2 Nf6 44. Bf3 Ng4+ 45. Bxg4 Kxg4 46. Ke2 b5 47. axb5 cxb5 48. Kd2 a4 49. bxa4 bxa4 50. c4 a3 51. Kc2 a2 52. Kb2 Rc3 53. Kxa2 Rxc4 54. Rh3 Rc2+ 0-1

[Event "Belgrade-chT Quality"]
[Site "Belgrade"]
[Date "2018.09.20"]
[Round "4.3"]
[White "Skaric, Djuro"]
[Black "Govedarica, Radovan"]
[Result "1-0"]
[WhiteElo "2303"]
[BlackElo "2331"]
[PlyCount "67"]
[EventDate "2018.09.17"]
[EventType "team-tourn"]
[EventRounds "11"]
[EventCountry "SRB"]
[SourceTitle "CBM 186 Extra"]
[Source "ChessBase"]
[SourceDate "2018.08.24"]
[SourceVersion "1"]
[SourceVersionDate "2018.08.24"]
[SourceQuality "1"]
[WhiteTeam "Mirijevo"]
[BlackTeam "Crvena Zvezda"]
[WhiteTeamCountry "SRB"]
[BlackTeamCountry "SRB"]

1. e4 d5 2. exd5 Qxd5 3. Nc3 Qd6 4. d4 Nf6 5. Nf3 Bg4 6. h3 Bxf3 7. Qxf3 c6 8. Be3 e6 9. Bd3 Nd5 10. Nxd5 Qxd5 11. Qg3 Nd7 12. 0-0 Nf6 13. c4 Qd6 14. Qf3 Be7 15. Rad1 0-0 16. a3 Qc7 17. Rfe1 Rfd8 18. g4 g6 19. Kg2 Rd7 20. Bf4 Qd8 21. Be5 Ne8 22. h4 Bf6 23. h5 Bxe5 24. dxe5 Rd4 25. Re4 Rxe4 26. Bxe4 Qg5 27. hxg6 hxg6 28. Rd7 f5 29. Rxb7 Ng7 30. Bxc6 Rf8 31. Qd3 Nh5 32. Qd7 Qxg4+ 33. Kh1 Qh3+ 34. Kg1 1-0

[Event "Belgrade-chT Quality"]
[Site "Belgrade"]
[Date "2018.09.19"]
[Round "3.3"]
[White "Govedarica, Radovan"]
[Black "Nedeljkovic, Dragan"]
[Result "1-0"]
[WhiteElo "2331"]
[BlackElo "2170"]
[PlyCount "35"]
[EventDate "2018.09.17"]
[EventType "team-tourn"]
[EventRounds "11"]
[EventCountry "SRB"]
[SourceTitle "CBM 186 Extra"]
[Source "ChessBase"]
[SourceDate "2018.08.24"]
[SourceVersion "1"]
[SourceVersionDate "2018.08.24"]
[SourceQuality "1"]
[WhiteTeam "Crvena Zvezda"]
[BlackTeam "Belgrade PTT"]
[WhiteTeamCountry "SRB"]
[BlackTeamCountry "SRB"]

1. e4 c5 2. Nf3 e6 3. d4 cxd4 4. Nxd4 a6 5. Nc3 Qc7 6. g3 Bb4 7. Nde2 b5 8. Bg2 Bb7 9. 0-0 Be7 10. Nd4 Nc6 11. Re1 d6 12. a4 b4 13. Na2 Nxd4 14. Qxd4 a5 15. Qd1 Nf6 16. c3 d5 17. Bf4 e5 18. exd5 1-0